Report on the carpet industry of Mirzapur & Bhadoi (Record no. 497584)

000 -LEADER
fixed length control field 00363cam a22001097a 4500
008 - FIXED-LENGTH DATA ELEMENTS--GENERAL INFORMATION
fixed length control field 180718b1955 xxu||||| |||| 00| 0 eng d
082 ## - DEWEY DECIMAL CLASSIFICATION NUMBER
Classification number T2196x54
245 ## - TITLE STATEMENT
Title Report on the carpet industry of Mirzapur & Bhadoi
Statement of responsibility, etc. by Indian Cooperative Union, New Delhi
260 ## - PUBLICATION, DISTRIBUTION, ETC.
Place of publication, distribution, etc. New Delhi
Name of publisher, distributor, etc. Government of India
Date of publication, distribution, etc. 1955
300 ## - PHYSICAL DESCRIPTION
Extent 26+p
700 ## - ADDED ENTRY--PERSONAL NAME
Personal name India. Indian Cooperative Union
Holdings
Withdrawn status Lost status Damaged status Not for loan Permanent Location Current Location Date acquired Full call number Barcode Date last seen Price effective from Koha item type
        Indian Institute of Public Administration Indian Institute of Public Administration 2018-08-04 T2196x54 GG31933 2018-08-04 2018-08-04 GG

Powered by Koha